| 000 | 01115cam a2200253 i 4500 | ||
|---|---|---|---|
| 003 | SA-RiAUC | ||
| 005 | 20250803063228.0 | ||
| 008 | 241213q19001999su ab g 000 0 ara c | ||
| 040 |
_aSA-RiAUC _bara _cSA-RiAUC _erda |
||
| 043 | _aa-su--- | ||
| 082 | 0 | 4 |
_a252.5 _qSA-RiAUC |
| 090 |
_a252.5 _bع م ا |
||
| 100 | 1 |
_aعمارة، طه عبد القادر. _eمؤلف. |
|
| 245 | 1 | 2 |
_aالدليل الإرشادي لأماكن إقامة الحجاج والزوار بالمدينة المنورة / _cإعداد طه عبد القادر عمارة، محمد علي الشريف. |
| 264 | 1 |
_aمكة المكرمة : _bجامعة أم القرى، مركز أبحاث الحج، _c[بين 1900 و1999] |
|
| 300 |
_a133 صفحة : _bإيضاحيات، خريطة مطوية ؛ _c22 سم |
||
| 336 |
_aنص _btxt _2rdacontent _3كتاب |
||
| 337 |
_aبدون وسيط _bn _2rdamedia |
||
| 338 |
_aمجلد _bnc _2rdacarrier |
||
| 650 | 7 |
_aالحجاج _xمساكن _zالسعودية _2aucsh |
|
| 700 | 1 |
_aالشريف، محمد علي. _eمؤلف. |
|
| 942 |
_2ddc _cBOOK _n0 |
||
| 949 |
_aSA-JeALM _d241213 _uosman123 _n1 |
||
| 999 |
_c3516 _d3516 |
||